Создание САПР лидаров на базе программных продуктов T-FLEX; Современные техника и технологии; Т. 1

Podrobná bibliografie
Parent link:Современные техника и технологии: 12-я международная научно-практическая конференция студентов, аспирантов и молодых ученых, г. Томск, 27 марта - 31 марта 2006 г./ Томский политехнический университет.— , 2006
Т. 1.— 2006.— С. 132-133
Hlavní autor: Теплоухов В. В.
Jazyk:ruština
Vydáno: 2006
Témata:
Médium: Kapitola
KOHA link:https://koha.lib.tpu.ru/cgi-bin/koha/opac-detail.pl?biblionumber=113238

MARC

LEADER 00000naa2a2200000 4500
001 113238
005 20231031121746.0
035 |a (RuTPU)RU\TPU\book\122475 
090 |a 113238 
100 |a 20070407d2006 k y0rusy50 ca 
101 0 |a rus 
102 |a RU 
200 1 |a Создание САПР лидаров на базе программных продуктов T-FLEX  |f В. В. Теплоухов 
461 1 |0 (RuTPU)RU\TPU\book\111998  |t Современные техника и технологии  |o 12-я международная научно-практическая конференция студентов, аспирантов и молодых ученых, г. Томск, 27 марта - 31 марта 2006 г.  |o труды в 2 т.  |f Томский политехнический университет  |d 2006 
463 0 |0 (RuTPU)RU\TPU\book\111471  |t Т. 1  |v С. 132-133  |d 2006  |p 524 с. 
610 1 |a САПР лидары 
610 1 |a лидары 
610 1 |a программные продукты 
610 1 |a проектирование 
610 1 |a труды учёных ТПУ 
610 1 |a автоматизация 
700 1 |a Теплоухов  |b В. В. 
801 1 |a RU  |b 63413507  |c 20070407  |g PSBO 
801 2 |a RU  |b 63413507  |c 20161005  |g RCR 
942 |c BK